[Event "Titled Tuesday intern op 28th Sept"]
[Site "Chess.com INT"]
[Date "2021.09.28"]
[Round "4"]
[White "Bailey, Ben"]
[Black "Ottosen, David"]
[Result "1-0"]
[WhiteElo "2113"]
[BlackElo "2067"]
[PlyCount "79"]
[EventDate "2021.09.28"]
[EventType "swiss (blitz)"]
[EventRounds "11"]
[EventCountry "USA"]
[SourceTitle "CBM 204 Extra"]
[Source "ChessBase"]
[SourceDate "2021.11.30"]
[SourceVersion "1"]
[SourceVersionDate "2021.11.30"]
[SourceQuality "1"]

1. d4 d5 2. c4 c6 3. Nc3 e6 4. e3 Nf6 5. Qc2 Nbd7 6. Nf3 Bd6 7. Bd3 0-0 8. 0-0 Re8 9. e4 dxe4 10. Nxe4 Nxe4 11. Bxe4 h6 12. Re1 e5 13. c5 Bc7 14. d5 cxd5 15. Bxd5 Nf6 16. Bb3 Bg4 17. Nh4 Nh5 18. Nf5 Qf6 19. Ne3 Bd7 20. Bd2 Bc6 21. Nd5 Bxd5 22. Bxd5 Rab8 23. Bc3 Nf4 24. Be4 Qg5 25. g3 Rf8 26. h4 Qg4 27. Bf5 Qf3 28. gxf4 g6 29. Qe4 Qh5 30. Bh3 f5 31. Qd5+ Rf7 32. Rxe5 Qxh4 33. Rae1 Rbf8 34. Qg2 Qxf4 35. Qxg6+ Rg7 36. Qxg7+ Kxg7 37. R5e4+ Be5 38. Bxe5+ Qxe5 39. Rxe5 Kf6 40. Re6+ 1-0

[Event "Titled Tuesday intern op 28th Sept"]
[Site "Chess.com INT"]
[Date "2021.09.28"]
[Round "6"]
[White "Rodriguez, Santiago"]
[Black "Bailey, Ben"]
[Result "1-0"]
[WhiteElo "2252"]
[BlackElo "2113"]
[PlyCount "61"]
[EventDate "2021.09.28"]
[EventType "swiss (blitz)"]
[EventRounds "11"]
[EventCountry "USA"]
[SourceTitle "CBM 204 Extra"]
[Source "ChessBase"]
[SourceDate "2021.11.30"]
[SourceVersion "1"]
[SourceVersionDate "2021.11.30"]
[SourceQuality "1"]

1. d4 Nf6 2. Bg5 Ne4 3. Bf4 d5 4. e3 g6 5. Bd3 Bg7 6. Bxe4 dxe4 7. Nc3 f5 8. h4 h6 9. f3 c5 10. dxc5 Qa5 11. Nge2 exf3 12. gxf3 e5 13. Bh2 Be6 14. Rg1 Kf7 15. Qd6 Rd8 16. Rxg6 Rxd6 17. Rxg7+ Kxg7 18. Bxe5+ Kf7 19. Bxd6 Na6 20. 0-0-0 Nxc5 21. Nf4 Rc8 22. Rg1 Nd7 23. Rg6 Bxa2 24. Rxh6 Nf6 25. Nd3 Rxc3 26. bxc3 Kg7 27. Bf4 Qxc3 28. Rxf6 Bc4 29. Be5 Qa3+ 30. Bb2 Qxb2+ 31. Nxb2 1-0

[Event "Titled Tuesday intern op 31st Aug"]
[Site "Chess.com INT"]
[Date "2021.08.31"]
[Round "7"]
[White "Bailey, Ben"]
[Black "Isajevsky, Anton"]
[Result "0-1"]
[WhiteElo "2113"]
[BlackElo "2403"]
[PlyCount "46"]
[EventDate "2021.08.31"]
[EventType "swiss (blitz)"]
[EventRounds "11"]
[EventCountry "USA"]
[SourceTitle "EXT 2022"]
[Source "ChessBase"]
[SourceDate "2021.10.06"]
[SourceVersion "1"]
[SourceVersionDate "2021.10.06"]
[SourceQuality "1"]

1. d4 f5 2. Nf3 Nf6 3. g3 g6 4. Bg2 Bg7 5. 0-0 0-0 6. c4 d6 7. Nc3 Nc6 8. d5 Na5 9. Nd2 c5 10. Rb1 e5 11. dxe6 Bxe6 12. b3 Qe7 13. e4 f4 14. Nd5 Nxd5 15. exd5 Bf5 16. Re1 Qd7 17. Be4 Rae8 18. Bxf5 Qxf5 19. Rxe8 Rxe8 20. Bb2 Bxb2 21. Rxb2 Qd3 22. Rb1 Re2 23. Nf1 Qf3 0-1

[Event "Titled Tuesday intern op 31st Aug"]
[Site "Chess.com INT"]
[Date "2021.08.31"]
[Round "1"]
[White "Bailey, Ben"]
[Black "Mirzoev, Azer"]
[Result "0-1"]
[WhiteElo "2113"]
[BlackElo "2436"]
[PlyCount "56"]
[EventDate "2021.08.31"]
[EventType "swiss (blitz)"]
[EventRounds "11"]
[EventCountry "USA"]
[SourceTitle "EXT 2022"]
[Source "ChessBase"]
[SourceDate "2021.10.06"]
[SourceVersion "1"]
[SourceVersionDate "2021.10.06"]
[SourceQuality "1"]

1. d4 d5 2. c4 e6 3. Nc3 Nf6 4. Nf3 Be7 5. Bg5 h6 6. Bxf6 Bxf6 7. e3 0-0 8. Qc2 c5 9. 0-0-0 cxd4 10. exd4 Nc6 11. c5 b6 12. cxb6 Qxb6 13. Na4 Qc7 14. Kb1 Bd7 15. Nc5 Rfc8 16. Na6 Qb6 17. Nc5 Be8 18. Na4 Qa5 19. Nc3 Rab8 20. Ka1 Nb4 21. Qb1 Ba4 22. Rc1 Bb3 23. a3 Nc6 24. Be2 Nxd4 25. Nxd4 Bxd4 26. Qd3 Bf6 27. Nb1 Bxb2+ 28. Kxb2 Bc4+ 0-1